000 00479nam a2200157Ia 4500
003 IN-BaIIA
008 211028s9999 xx 000 0 eng d
020 _a0-85229-655-X
040 _cIIA Library
080 _a058
_bENB-97
245 0 _aBritannica book of the Year 1997
_cedited by D. Calhoun
260 _aChicago
_bEncyclopaedia Britannica
_c1997
300 _a928p
650 _aYear Books, Year Book-1997
_922124
942 _cBK
999 _c12627
_d12627